000 00765nam a2200265Ia 4500
003 OSt
005 20220918202528.0
006 a|||||r|||| 00| 0
007 ta
008 220917b |||||||| |||| 00| 0 eng d
024 _a101,923
037 _cTextual
040 _aARTS
_cARTS
_beng
041 _2eng
_aeng
082 _aV247L.N9, N2 (Q4)
100 _aKaul Shridhar
_9104211
245 0 _aLadakh
_b Through the ages
260 _aNew Delhi
_bIndus Publishing
_c1992
300 _a368p. 38 plates
_ccm.
500 _aBibliography p360--361; Glossary p358--359; Includes Index
650 _aHISTORY
700 _a Kaul H N
_9104212
942 _hV247L.N9, N2 (Q4)
_cTEXL
_2CC
999 _c225383
_d225383